LEADER 01042nam a2200265 i 4500 001 991002410009707536 005 20020503164944.0 008 940223s1990 de ||| | ger 020 $a3484309377 035 $ab10360529-39ule_inst 035 $aEXGIL103423$9ExL 040 $aDip.to Filol. Ling. e Lett.$bita 082 0 $a413.028 100 1 $aMüller, Harald$0467299 245 15$a"Die Definition ist blöd!" :$bHerübersetzen mit dem einsprachigen Wörterbuch das französische und englische Lernerwörterbuch in der Hand der deutschen Schüler /$cHarald Müllich 260 $aTübingen :$bM. Niemeyer,$c1990 300 $a514 p. ;$c24 cm. 490 0 $aLexicographica. Series maior ;$v37 650 4$aLessico 907 $a.b10360529$b21-02-17$c27-06-02 912 $a991002410009707536 945 $aLE008 L.L.I.D B VII 76$g1$i2008000464745$lle008$o-$pE0.00$q-$rl$s- $t0$u0$v0$w0$x0$y.i10421725$z27-06-02 996 $aDefinition ist blöd!"$9203741 997 $aUNISALENTO 998 $ale008$b01-01-94$cm$da $e-$fger$gde $h5$i1 LEADER 01351nam0 22003493i 450 001 MIL0540655 005 20251003044235.0 010 $a2876471531 100 $a20080523e19931932||||0itac50 ba 101 | $afre 102 $afr 181 1$6z01$ai $bxxxe 182 1$6z01$an 200 1 $aˆLa ‰théorie atomique et la description des phénomènes$fNiels Bohr 210 $aSceaux$cJ. Gabay$d[1993] 215 $a111 p.$d22 cm 225 | $aˆLes ‰grands classiques Gauthier-Villars 300 $aRipr. facs. dell'ed.: Paris : Gauthier-Villars, 1932. 410 0$1001UFI0219606$12001 $aˆLes ‰grands classiques Gauthier-Villars 606 $aAtomo$xTeorie$2FIR$3SBLC012462$9I 676 $a539$9Fisica moderna$v14 700 1$aBohr$b, Niels$3RAVV061891$4070$0256 790 1$aBohr$b, Niels Henrik David$3MILV261085$zBohr, Niels 790 1$aBohr$b, Niels Henrik David$f <1885-1962>$3NAPV108448$zBohr, Niels 801 3$aIT$bIT-000000$c20080523 850 $aIT-BN0095 901 $bNAP 01$cRIPR. FACS$n$ 912 $aMIL0540655 950 0$aBiblioteca Centralizzata di Ateneo$c1 v.$d 01RIPR. FACSFr. B 0046$e 0102 0000066025 VMA 1 v.$fY $h20080523$i20080523 977 $a 01 996 $aThéorie atomique et la description des phénomènes$9103960 997 $aUNISANNIO